|
|
|
|
| LEADER |
00000nam0a2200000 4500 |
| 001 |
174742 |
| 005 |
20231101223159.0 |
| 010 |
|
|
|a 9785904321079
|
| 035 |
|
|
|a (RuTPU)RU\TPU\book\189490
|
| 090 |
|
|
|a 174742
|
| 100 |
|
|
|a 20100204d2009 km y0rusy50 ca
|
| 101 |
0 |
|
|a rus
|
| 102 |
|
|
|a RU
|
| 105 |
|
|
|a a z 001zy
|
| 200 |
1 |
|
|a Петротип соколиногорского трахибазальт-эпилейцитфонолитового комплекса
|f А. Н. Уваров, Н. М. Уварова
|g Сибирский научно-исследовательский институт геологии, геофизики и минерального сырья (СНИИГГиМС); Запсибгеолсъемка
|
| 210 |
|
|
|a Новосибирск
|c СНИИГГиМС
|d 2009
|
| 215 |
|
|
|a 108 с.
|c ил.
|
| 225 |
1 |
|
|a Эталоны магматических комплексов Сибири
|
| 316 |
|
|
|5 63413507: КР-7507
|a На титульном листе подпись: "Л. П. Рихванов"
|
| 317 |
|
|
|5 63413507: КР-7507
|a Поступил в НТБ в 2021 г. в дар от семьи профессора ТПУ Л. П. Рихванова
|
| 320 |
|
|
|a Библиогр.: с. 102-106
|
| 330 |
|
|
|a В западной части Алтае-Саянской складчатой области среди широко развитых девонских магматических образований обособляется Западно-Сибирская щелочная петрографическая провинция, охватывающая геологические структуры Кузнецкого Алатау, Минусинского прогиба и Горной Шории. Она объединяет проявления вулканических, плутонических и метасоматических фаций щелочных фельдшпатоидных пород, характеризуется преобладанием ассоциаций нефелиновых пород с натриевым уклоном щелочности и присутствием крайне редких ультракалиевых комплексов эпилейцитовых разновидностей. Ультракалиевые породы относятся к редко встречающейся эпилейцит-нефелинсиенитовой формации, своим происхождением обязаны эволюции аномально обогащенного калием щелочно-базитового расплава. В Горной Шории (Кондомский рудный район, окрестности г. Сокол) они образуют автономную Соколиногорскую вулкано-тектоническую структуру, включают покровные и субвулканическую фации. Первые представлены туфами и лавами эпилейцитовых фонолитов, реже тефритов, вторая подразделяется на субфации выполнения подводящих каналов (фонолиты) и гипабиссальных интрузий- интрузий под вулканами (нефелин-эпилейцитовые сиениты). Вместе с комагматичными высококалиевыми базальтами и трахитами они объединены в соколиногорский трахи-базальт-эпилейцитфонолитовый комплекс раннего девона, фиксирующий рифтовый этап тектонической эволюции региона. Описание петротипа соколиногорского комплекса содержит подробную комплексную характеристику покровной и субвулканической фаций, обоснование возраста и геодинамической позиции ассоциации, оценку перспектив использования пород в качестве сырья для получения глинозема, бесхлорных калийных удобрений, соды, цемента и поташа.
|
| 606 |
1 |
|
|a Трахибазальты
|2 stltpush
|3 (RuTPU)RU\TPU\subj\61553
|9 78741
|
| 610 |
1 |
|
|a Западная Сибирь
|
| 610 |
1 |
|
|a петротипы
|
| 610 |
1 |
|
|a Соколиногорский трахибазальт
|
| 610 |
1 |
|
|a эпилейцитфонолитовый комплекс
|
| 610 |
1 |
|
|a геологическое строение
|
| 610 |
1 |
|
|a субвулканические образования
|
| 610 |
1 |
|
|a возраст
|
| 610 |
1 |
|
|a магматические комплексы
|
| 610 |
1 |
|
|a Библиотека Л. П. Рихванова
|
| 610 |
1 |
|
|a дары библиотеке
|
| 675 |
|
|
|a 552.333
|v 3
|
| 700 |
|
1 |
|a Уваров
|b А. Н.
|g Александр Николаевич
|
| 701 |
|
1 |
|a Уварова
|b Н. М.
|g Надежда Михайловна
|
| 712 |
0 |
2 |
|a Сибирский научно-исследовательский институт геологии, геофизики и минерального сырья (СНИИГГиМС)
|c (Новосибирск)
|2 stltpush
|3 (RuTPU)RU\TPU\col\322
|
| 712 |
0 |
2 |
|a Запсибгеолсъемка
|c (Елань)
|2 stltpush
|3 (RuTPU)RU\TPU\col\14645
|9 25977
|
| 801 |
|
1 |
|a RU
|b 63413507
|c 20100204
|
| 801 |
|
2 |
|a RU
|b 63413507
|c 20220602
|g RCR
|
| 942 |
|
|
|c BK
|